Informačné zabezpečenie rozhodovania v podnikovom manažmente

Dotazníkový prieskum o využívaní informačnej podpory v rozhodovaní manažmentu slovenských podnikov. Výsledky výskumu. Zdroje informácií pre manažérske rozhodovanie. Informačné systémy na podporu rozhodovania.

Saved in:
Bibliographic Details
Main Author: Jankelová, Nadežda, 1966-
Other Authors: Szabo, Ľuboslav
Format: Book Chapter
Language:Slovak
Subjects:
Tags: Add Tag
No Tags, Be the first to tag this record!

MARC

LEADER 00000nla$a2200000$$$4500
001 0068419
005 20240611081224.6
041 0 |a slo 
044 |a SK 
245 1 0 |a Informačné zabezpečenie rozhodovania v podnikovom manažmente  |c Nadežda Jankelová, Ľuboslav Szabo 
520 |a Dotazníkový prieskum o využívaní informačnej podpory v rozhodovaní manažmentu slovenských podnikov. Výsledky výskumu. Zdroje informácií pre manažérske rozhodovanie. Informačné systémy na podporu rozhodovania. 
610 2 0 |a informácie 
610 2 0 |a zdroje informácií 
610 2 0 |a zdroje informačné elektronické 
610 2 0 |a systémy informačné 
610 2 0 |a manažment 
610 2 0 |a rozhodovanie 
610 2 0 |a Slovensko 
610 2 0 |a výskum 
100 1 |a Jankelová, Nadežda, 1966- 
700 1 |a Szabo, Ľuboslav